PASCAL für Anwendung in der Wirtschaft

Na minha lista:
Detalhes bibliográficos
Autor principal: Goldammer, Gerd
Formato: Livro
Idioma:alemão
Publicado em: Berlin Wirtschaft 1987
Edição:1. Aufl.
Tags: Adicionar Tag
Sem tags, seja o primeiro a adicionar uma tag!

MARC

LEADER 00000nam a2200000 4500
001 c038950
005 20250606115730.2
041 0 |a ger 
044 |a DE 
245 1 0 |a PASCAL für Anwendung in der Wirtschaft  |c Gerd Goldammer 
250 |a 1. Aufl. 
264 1 |a Berlin  |b Wirtschaft  |c 1987 
300 |a 191 s. 
100 1 |a Goldammer, Gerd